000 00579nam a2200241Ia 4500
003 OSt
005 20221007082420.0
006 a|||||r|||| 00| 0
007 ta
008 221006b |||||||| |||| 00| 0 eng d
024 _a6,732
037 _cTextual
040 _aFLL
_cFLL
_beng
041 _2eng
_aeng
082 _aZ,91pN79, L9.6
100 _aBaxi Upendra Au.
245 0 _aConceptions of justice
260 _c1979
300 _a28p
_ccm.
490 _vV6
942 _hZ,91pN79, L9.6
_cTEXL
_2CC
999 _c1166345
_d1166345